000 00574nam a2200157Ia 4500
008 151213s9999 xx 000 0 und d
020 _a984-300-000482-8
100 _aখায়রুল আলম সবুজ।
245 _aচিরায়ত সেক্্র্সপীয়র।
_cখায়রুল আলম সবুজ।
260 _aঢাকা
_bবাংলা প্রকাশ।
_c2007
300 _a8505 p.
650 _aBangla
650 _aBengali Literature
700 _aখায়রুল আলম সবুজ।
999 _c4342
_d4342